WTO Sectoral impacts: Textiles and Clothing [e resource : article] (Record no. 203913)
[ view plain ]
| 000 -LEADER | |
|---|---|
| fixed length control field | 00646nam a2200145Ia 4500 |
| 008 - FIXED-LENGTH DATA ELEMENTS--GENERAL INFORMATION | |
| fixed length control field | 231221s9999 xx 000 0 und d |
| 041 ## - LANGUAGE CODE | |
| Language code of text/sound track or separate title | English |
| 082 ## - DEWEY DECIMAL CLASSIFICATION NUMBER | |
| Classification number | 658.8 KIR |
| 100 ## - MAIN ENTRY--PERSONAL NAME | |
| Personal name | Shilpa Kiran, Bendale |
| 245 #0 - TITLE STATEMENT | |
| Title | WTO Sectoral impacts: Textiles and Clothing [e resource : article] |
| 260 ## - PUBLICATION, DISTRIBUTION, ETC. | |
| Date of publication, distribution, etc. | 2001 |
| Name of publisher, distributor, etc. | Excel books |
| 510 ## - CITATION/REFERENCES NOTE | |
| Name of source | article taken from the book WTO competitiveness: Challenges for Indian business and management education ed. by D Panduranga Rao p355-368 |
| 650 ## - SUBJECT ADDED ENTRY--TOPICAL TERM | |
| Topical term or geographic name entry element | Textile, clothing, trade,WTO, clothing,sectoral impact,Multi-Fiber Arrangement,MFA,GARMENT EXPORT,Textile Surveillance Body,TSB,Destinations |
| 942 ## - ADDED ENTRY ELEMENTS (KOHA) | |
| Koha item type | Digital Library |
| Date last seen | Total checkouts | Full call number | Accession number | Uniform resource identifier | Price effective from | Category | Lost status | Damaged status | Department | Withdrawn status | Home library | Current library | Shelving location | Entry date | Billdate | Currency symbol | Conversion rate | Discount | Old discount |
|---|---|---|---|---|---|---|---|---|---|---|---|---|---|---|---|---|---|---|---|
| 26/01/2024 | 658.8 KIR | DL23 | digital/articles/mba/dl23.pdf | 26/01/2024 | Digital Library | Central Library | Central Library | Central Library | Central Library | 16/11/2009 | RS | 1 |
